vilo - terytoria zalezne - Statystyki

Ogólne statystyki
  • Ten quiz został rozwiązany 14 razy
  • Średni wynik to 21 z 29
Odpowiedzi na mapie
Odpowiedzi zakodowano w zielono-czerwonej skali na mapie do tego quizu, zgodnie z poniższymi procentami.
 
Statystyki odpowiedzi
Odpowiedź % Poprawnych
Gujana Francuska
100%
Melilla
100%
Puerto Rico
100%
Reunion
100%
Amerykańskie Wyspy Dziewicze
83%
Aruba
83%
Bermudy
83%
Falklandy
83%
Kajmany
83%
Nowa Kaledonia
83%
Samoa Amerykańskie
83%
Wyspa Wniebowstąpienia
83%
Wyspy Alandzkie
83%
Wyspy Cooka
83%
Wyspy Owcze
83%
Gibraltar
67%
Guam
67%
Mariany Północne
67%
Midway
67%
Saint Martin
67%
Wyspa Man
67%
Wyspa Świętej Heleny
67%
Wyspy Normandzkie (Guernsey, Jersey)
67%
Brytyjskie Wyspy Dziewicze
50%
Georgia Południowa
50%
Gwadelupa
50%
Majotta
50%
Polinezja Francuska
50%
Martynika
33%
Nie znaleziono quizów pasujących do podanych kryteriów
Rozkład punktacji
Procent ludzi z każdym wynikiem
Percentyl według liczby udzielonych odpowiedzi
Twoja historia wyników
Nie rozwiązałeś tego quizu